[Event "Titled Tue 20th May Early"]
[Site "chess.com INT"]
[Date "2025.05.20"]
[Round "6"]
[White "Cattaneo, Marco"]
[Black "Chogdov, Munkhbat"]
[Result "1/2-1/2"]
[WhiteTitle "FM"]
[BlackTitle "FM"]
[WhiteElo "2291"]
[BlackElo "2238"]
[WhiteFideId "878332"]
[BlackFideId "13200860"]
[EventDate "2025.05.20"]

1. e4 e5 2. Nf3 Nc6 3. Be2 Bc5 4. c3 Qf6 5. O-O d6 6. b4 Bb6 7. a4 a6 8. a5 Ba7
9. d3 h6 10. Be3 Nge7 11. Bxa7 Rxa7 12. d4 Ng6 13. dxe5 dxe5 14. g3 Bh3 15. Re1
O-O 16. Bf1 Bg4 17. Bg2 Raa8 18. h3 Rad8 19. Qe2 Bxf3 20. Bxf3 Rd6 21. Na3 Rfd8
22. Rad1 Qe6 23. Rxd6 Rxd6 24. Nc4 Rd8 25. Bg4 Qe7 26. Ne3 Nf8 27. Rd1 Rxd1+ 28.
Qxd1 Qd6 29. Qxd6 cxd6 30. Nc4 Ne6 31. Bxe6 fxe6 32. Nxd6 Nd8 33. Kf1 Kf8 34.
Ke2 Ke7 35. Nc4 Kf6 36. Kd3 Nc6 37. Nd2 g5 38. Nb3 Ke7 39. Nc5 Nd8 40. Kc4 Kd6
41. Nd3 Nc6 42. Ne1 Na7 43. Ng2 Nb5 44. Ne3 Ke7 45. Ng4 Nd6+ 46. Kd3 Nf7 47. c4
h5 48. Ne3 Nd6 49. Ng2 Kf6 50. Ne1 Ne8 51. Nf3 Nd6 52. Nd2 Ne8 53. Nb3 Nd6 54.
Nc5 Ke7 55. Na4 Kd7 56. Nc3 Kc6 57. Ne2 Nf7 58. h4 gxh4 59. gxh4 Nh6 60. Ng3 Ng4
61. Ke2 Nf6 62. f3 b6 63. axb6 Kxb6 64. Kd3 a5 65. bxa5+ Kxa5 66. Nf1 Kb4 67.
Ne3 Kc5 68. Ng2 Nd7 69. Kc3 Nb6 70. Ne1 Nxc4 71. Nd3+ Kb5 72. f4 exf4 73. Nxf4
e5 74. Nxh5 Nd6 75. Ng3 Kc5 76. Kd3 Nf7 77. Ke3 Kd6 78. Kf3 Ke6 79. Kg4 Kf6 80.
Nh5+ Kg6 81. Ng3 Nd6 82. h5+ Kf6 83. Kh4 Nc4 84. Nf5 Nd2 85. Nd6 Ke6 86. h6 Kf6
87. Kh5 Nf3 88. Nf5 Ng5 89. Nh4 Nxe4 90. Ng6 Ng3+ 91. Kg4 Kxg6 92. Kxg3 Kxh6 93.
Kf3 Kg6 94. Ke4 Kf6 95. Ke3 Kf5 96. Kf3 Ke6 97. Ke4 Kd6 98. Ke3 Kc5 99. Ke4 Kd6
100. Ke3 Kd5 101. Kd3 e4+ 102. Ke3 Ke5 103. Ke2 Kf5 104. Ke3 Ke5 105. Ke2 Kd5
106. Ke3 Ke5 1/2-1/2

[Event "Titled Tue 20th May Early"]
[Site "chess.com INT"]
[Date "2025.05.20"]
[Round "6"]
[White "Mohammadi, Melika"]
[Black "Harsh, Suresh"]
[Result "1/2-1/2"]
[WhiteTitle "WFM"]
[BlackTitle "IM"]
[WhiteElo "2205"]
[BlackElo "2392"]
[WhiteFideId "42529271"]
[BlackFideId "45018464"]
[EventDate "2025.05.20"]

1. e4 g6 2. f4 d5 3. exd5 Qxd5 4. Nc3 Qd8 5. Nf3 Bg7 6. Bc4 Nf6 7. O-O O-O 8. d3
c6 9. Kh1 Nd5 10. Bd2 Be6 11. Bb3 a5 12. Qe2 Na6 13. Rae1 Nc5 14. Ng5 Qd7 15.
Nxe6 Nxe6 16. Nxd5 cxd5 17. c3 a4 18. Bd1 a3 19. b3 Rae8 20. d4 Nc7 21. Qd3 Qf5
22. Qxf5 gxf5 23. Bc1 Nb5 24. c4 dxc4 25. bxc4 Nxd4 26. Bxa3 Ne6 27. Bb3 Bf6 28.
Rd1 Ra8 29. Bb4 Rfd8 30. g3 Nd4 31. Bc5 Nc6 32. Rfe1 e6 33. Bb6 Rxd1 34. Rxd1
Bd8 35. Bc5 Bf6 36. Rd7 Na5 37. Bb4 b6 38. Kg2 Kg7 39. Rc7 Kg6 40. Bd6 Nxb3 41.
axb3 Ra2+ 42. Kf3 Rb2 43. b4 Rxh2 44. c5 bxc5 45. bxc5 Rc2 46. Ke3 Rc3+ 47. Kf2
Bd4+ 48. Kg2 h5 49. c6 Rc2+ 50. Kh3 Bf2 51. Rc8 Bb6 52. c7 Kh7 53. Re8 Bxc7 54.
Rc8 Bxd6 55. Rxc2 Kg6 56. Rd2 Be7 57. Rc2 Bf6 58. Rc6 Bg7 59. Kg2 Bf6 60. Kf3
Bg7 61. Rb6 Bf6 62. Rc6 h4 63. gxh4 Bxh4 64. Rb6 Bf6 65. Rc6 Bd4 66. Rd6 Bc5 67.
Rc6 Bb4 68. Rb6 Ba3 69. Ra6 Be7 70. Ra7 Kf6 71. Ra6 Bc5 72. Rc6 Bb4 73. Rb6 Ba3
74. Ra6 Bf8 75. Kg3 Bc5 76. Rc6 Bd4 77. Rd6 Bb2 78. Rb6 Ba3 79. Ra6 Bf8 80. Kf3
Ke7 81. Ra7+ Ke8 82. Ra8+ Ke7 83. Ra7+ Kf6 84. Ra6 Bb4 85. Rb6 Bc3 86. Rc6 Bd2
87. Rd6 Be1 88. Rc6 Bh4 89. Rb6 Kg7 90. Ra6 Bd8 91. Rd6 Be7 92. Rc6 Kf8 93. Ra6
Bc5 94. Rc6 Be7 95. Rc8+ Kg7 96. Rc7 Bf8 97. Rc6 Kf6 98. Ra6 1/2-1/2

[Event "Titled Tue 20th May Early"]
[Site "chess.com INT"]
[Date "2025.05.20"]
[Round "7"]
[White "Martinez Alcantara, Jose Eduardo"]
[Black "Andreikin, Dmitry"]
[Result "1/2-1/2"]
[WhiteTitle "GM"]
[BlackTitle "GM"]
[WhiteElo "2611"]
[BlackElo "2695"]
[WhiteFideId "3805662"]
[BlackFideId "4158814"]
[EventDate "2025.05.20"]

1. c4 e6 2. Nf3 d5 3. g3 Nf6 4. Bg2 Be7 5. O-O O-O 6. d3 Nc6 7. Bf4 Nh5 8. Bc1
Nf6 9. Bf4 Nh5 10. Bc1 Nf6 1/2-1/2

[Event "Titled Tue 20th May Early"]
[Site "chess.com INT"]
[Date "2025.05.20"]
[Round "7"]
[White "Yonal, Timur"]
[Black "Vingris, Mikelis"]
[Result "1-0"]
[WhiteTitle "FM"]
[WhiteElo "2249"]
[BlackElo "2102"]
[WhiteFideId "44115725"]
[BlackFideId "11611731"]
[EventDate "2025.05.20"]

1. e4 e5 2. Nf3 Nc6 3. Bb5 a6 4. Ba4 Nf6 5. O-O Bc5 6. c3 b5 7. Bb3 O-O 8. d4
exd4 9. cxd4 Bb6 10. e5 Ne8 11. Bg5 Ne7 12. Nc3 d6 13. Nd5 dxe5 14. Nxe7+ Kh8
15. Ng6+ 1-0

[Event "Titled Tue 20th May Early"]
[Site "chess.com INT"]
[Date "2025.05.20"]
[Round "7"]
[White "Terlouw, Wouter"]
[Black "Parfenov, Viktor N."]
[Result "1-0"]
[WhiteTitle "CM"]
[BlackTitle "CM"]
[WhiteElo "2227"]
[BlackElo "2193"]
[WhiteFideId "1087401"]
[BlackFideId "4165969"]
[EventDate "2025.05.20"]

1. e4 e5 2. Nf3 Nf6 3. Bc4 Nxe4 4. Nc3 Nxc3 5. dxc3 f6 6. O-O d6 7. Be3 Qe7 8.
Nh4 g6 9. f4 Qg7 10. fxe5 dxe5 11. Nf3 Nc6 12. b4 Bd7 13. b5 Na5 14. Nxe5 fxe5
15. Rf7 Nxc4 16. Qxd7# 1-0

[Event "Titled Tue 20th May Early"]
[Site "chess.com INT"]
[Date "2025.05.20"]
[Round "7"]
[White "Pakleza, Zbigniew"]
[Black "Rozman, Levy"]
[Result "1-0"]
[WhiteTitle "GM"]
[BlackTitle "IM"]
[WhiteElo "2484"]
[BlackElo "2324"]
[WhiteFideId "1119290"]
[BlackFideId "2039877"]
[EventDate "2025.05.20"]

1. d4 g6 2. Nf3 Bg7 3. Bf4 d6 4. e3 Nc6 5. Be2 Nh6 6. h3 O-O 7. O-O e5 8. Bh2
Nf5 9. c3 e4 10. Nfd2 d5 11. c4 Re8 12. cxd5 Nb4 13. Nc3 Nxd5 14. Nxd5 Qxd5 15.
Bxc7 Bd7 16. Qb3 Qxb3 17. Nxb3 Rac8 18. Rac1 Bh6 19. Rc3 1-0

[Event "Titled Tue 20th May Early"]
[Site "chess.com INT"]
[Date "2025.05.20"]
[Round "7"]
[White "Kjartansson, Gudmundur"]
[Black "Keneshbekov, Elim"]
[Result "1-0"]
[WhiteTitle "GM"]
[BlackTitle "CM"]
[WhiteElo "2437"]
[BlackElo "1867"]
[WhiteFideId "2301318"]
[BlackFideId "13816772"]
[EventDate "2025.05.20"]

1. e4 d6 2. d4 Nd7 3. Nc3 e5 4. Nf3 Ngf6 5. Rg1 Be7 6. g4 O-O 7. g5 Ne8 8. h4
exd4 9. Nxd4 Nc5 10. Be3 f5 11. Bc4+ Kh8 12. exf5 Bxf5 13. Nxf5 Rxf5 14. Qg4 Re5
15. O-O-O a6 16. Bd4 1-0

[Event "Titled Tue 20th May Early"]
[Site "chess.com INT"]
[Date "2025.05.20"]
[Round "7"]
[White "Winkels, Marcel"]
[Black "Subervi, Jonathan Sigfredo"]
[Result "1-0"]
[WhiteTitle "CM"]
[BlackTitle "FM"]
[WhiteElo "1918"]
[BlackElo "2039"]
[WhiteFideId "1003887"]
[BlackFideId "6400345"]
[EventDate "2025.05.20"]

1. e4 d5 2. exd5 Qxd5 3. Nc3 Qa5 4. Nf3 f6 5. d4 e6 6. Bc4 Bd6 7. Qe2 Qf5 8. O-O
g5 9. Re1 Kf7 10. Nb5 Ne7 11. Nxd6+ cxd6 12. Bd3 Qg4 13. h3 Qh5 14. Ne5+ dxe5
15. Qxh5+ Kg7 16. dxe5 1-0

[Event "Titled Tue 20th May Early"]
[Site "chess.com INT"]
[Date "2025.05.20"]
[Round "7"]
[White "Gutman, Gennadi"]
[Black "Hambardzumian, Yuri"]
[Result "1-0"]
[WhiteTitle "GM"]
[BlackTitle "IM"]
[WhiteElo "2445"]
[BlackElo "2301"]
[WhiteFideId "14102277"]
[BlackFideId "13302795"]
[EventDate "2025.05.20"]

1. e4 e6 2. Nf3 d5 3. Nc3 c5 4. d4 Nc6 5. dxc5 Bxc5 6. exd5 exd5 7. Qxd5 Qe7+ 8.
Qe4 Nf6 9. Qxe7+ Kxe7 10. Bg5 Re8 11. O-O-O Bxf2 12. Bxf6+ gxf6 13. Nd5+ 1-0

[Event "Titled Tue 20th May Early"]
[Site "chess.com INT"]
[Date "2025.05.20"]
[Round "7"]
[White "Rose, Felix"]
[Black "Kabamwanishi, Mashala"]
[Result "1-0"]
[WhiteTitle "CM"]
[BlackTitle "FM"]
[WhiteElo "2093"]
[BlackElo "1940"]
[WhiteFideId "5105722"]
[BlackFideId "21400059"]
[EventDate "2025.05.20"]

1. e4 c6 2. d4 d5 3. e5 Bf5 4. h4 h6 5. g4 Be4 6. f3 Bg6 7. h5 Bh7 8. e6 fxe6 9.
Bd3 Bxd3 10. Qxd3 Qd6 11. f4 Nf6 12. Nf3 Nxg4 13. Qg6+ Kd7 14. Qxg4 Kc7 15. Ne5
Nd7 16. Nf7 Nf6 17. Qe2 Qb4+ 18. c3 1-0

[Event "Titled Tue 20th May Early"]
[Site "chess.com INT"]
[Date "2025.05.20"]
[Round "7"]
[White "Tahmasebi, Hamidreza"]
[Black "Tari, Aryan"]
[Result "0-1"]
[WhiteTitle "FM"]
[BlackTitle "GM"]
[WhiteElo "2298"]
[BlackElo "2636"]
[WhiteFideId "12537527"]
[BlackFideId "1510045"]
[EventDate "2025.05.20"]

1. e4 e5 2. Nf3 Nc6 3. Bb5 Nge7 4. c3 d5 5. exd5 Qxd5 6. Qe2 e4 7. Nd4 Bd7 8.
Nxc6 Bxc6 9. Bxc6+ Nxc6 10. O-O O-O-O 11. b4 f5 12. Na3 Ne5 13. Nb5 Nd3 14. Nd4
Bxb4 15. Nxf5 Qxf5 16. cxb4 Nf4 17. Qc4 Qg4 18. g3 Ne2+ 0-1

[Event "Titled Tue 20th May Early"]
[Site "chess.com INT"]
[Date "2025.05.20"]
[Round "7"]
[White "Hercegovac, Neven"]
[Black "Khoo-Thwe, Louis"]
[Result "0-1"]
[WhiteTitle "FM"]
[WhiteElo "2211"]
[BlackElo "2214"]
[WhiteFideId "2839135"]
[BlackFideId "1538756"]
[EventDate "2025.05.20"]

1. e4 e5 2. Nf3 Nc6 3. Bb5 a6 4. Ba4 Nf6 5. O-O Be7 6. Bxc6 dxc6 7. d3 Nd7 8.
Nbd2 f6 9. a4 Nc5 10. a5 Bg4 11. h3 Bh5 12. Re1 Qd7 13. Nc4 O-O-O 14. Be3 Bf7
15. Qe2 Bxc4 16. Bxc5 Bxd3 17. cxd3 Bxc5 18. Rec1 Ba7 19. Rc3 g5 20. Rac1 g4 21.
hxg4 Qxg4 22. b4 Rhg8 0-1

[Event "Titled Tue 20th May Early"]
[Site "chess.com INT"]
[Date "2025.05.20"]
[Round "7"]
[White "Sitnic, Adnan"]
[Black "Mirimanian, Hayk"]
[Result "0-1"]
[WhiteTitle "CM"]
[BlackTitle "FM"]
[WhiteElo "2105"]
[BlackElo "2237"]
[WhiteFideId "14403854"]
[BlackFideId "4700180"]
[EventDate "2025.05.20"]

1. e4 e5 2. Nf3 Nc6 3. Bb5 a6 4. Ba4 Nf6 5. O-O Be7 6. d4 exd4 7. Nxd4 Nxd4 8.
Qxd4 c5 9. Qe3 b5 10. Nc3 bxa4 11. e5 Ng8 12. Qg3 Kf8 13. Be3 h5 14. Nxa4 Nh6
15. Bxc5 Bb7 16. Qa3 Nf5 17. Rad1 Rh6 18. Bxe7+ Qxe7 19. Rxd7 Qxa3 20. bxa3 Bc6
21. Nb6 Rb8 22. Rb1 Rxb6 23. Rd8+ Be8 0-1

[Event "Titled Tue 20th May Early"]
[Site "chess.com INT"]
[Date "2025.05.20"]
[Round "7"]
[White "Nitish, Belurkar"]
[Black "Kononenko, Dmitry2"]
[Result "1-0"]
[WhiteTitle "IM"]
[BlackTitle "FM"]
[WhiteElo "2454"]
[BlackElo "2205"]
[WhiteFideId "5084768"]
[BlackFideId "14113538"]
[EventDate "2025.05.20"]

1. d4 d5 2. Nf3 Nf6 3. e3 c6 4. c4 Nbd7 5. Nc3 e6 6. Bd3 dxc4 7. Bxc4 b5 8. Bb3
b4 9. Ne2 c5 10. O-O Bb7 11. Ng3 Be7 12. Re1 O-O 13. e4 cxd4 14. Nxd4 Nc5 15.
Bc2 Rc8 16. e5 Nd5 17. Qg4 g6 18. Bh6 Re8 19. Rad1 Qa5 20. h4 Qxa2 21. h5 Qxb2
22. hxg6 fxg6 23. Bxg6 Bf8 24. Bxe8+ Kh8 25. Bxf8 1-0

[Event "Titled Tue 20th May Early"]
[Site "chess.com INT"]
[Date "2025.05.20"]
[Round "7"]
[White "Vargas Benavides, Mauricio"]
[Black "Fiskaaen, Martin Holten"]
[Result "0-1"]
[WhiteTitle "FM"]
[BlackTitle "FM"]
[WhiteElo "1935"]
[BlackElo "2292"]
[WhiteFideId "4404572"]
[BlackFideId "1550233"]
[EventDate "2025.05.20"]

1. d4 Nf6 2. c4 e6 3. Nc3 Bb4 4. Qc2 d5 5. Nf3 O-O 6. a3 Bxc3+ 7. Qxc3 b6 8. Bg5
Nbd7 9. cxd5 exd5 10. e3 h6 11. Bxf6 Nxf6 12. Rc1 c5 13. dxc5 Ne4 14. Qc2 bxc5
15. Bd3 Qa5+ 16. Nd2 Rb8 17. Bxe4 dxe4 18. O-O Ba6 19. Rfd1 Bd3 20. Qxc5 Qxc5
21. Rxc5 Rxb2 22. Rd5 Rc8 23. f3 f5 24. fxe4 fxe4 25. Nf3 exf3 26. R5xd3 Rxg2+
27. Kh1 Rcc2 0-1

[Event "Titled Tue 20th May Early"]
[Site "chess.com INT"]
[Date "2025.05.20"]
[Round "7"]
[White "Filindash, Nikita"]
[Black "Pacheco, Daniel"]
[Result "0-1"]
[WhiteTitle "CM"]
[BlackTitle "FM"]
[WhiteElo "2198"]
[BlackElo "2191"]
[WhiteFideId "34159983"]
[BlackFideId "101680"]
[EventDate "2025.05.20"]

1. d4 Nf6 2. c4 g6 3. Nc3 c5 4. d5 Bg7 5. e4 d6 6. Bd3 O-O 7. Nf3 a6 8. O-O e5
9. Bg5 h6 10. Bd2 Nh7 11. Qc1 f5 12. Bxh6 f4 13. Bxg7 Kxg7 14. h3 Ng5 15. Nxg5
Qxg5 16. Kh2 Rh8 17. Qd1 Nd7 18. Be2 Nf6 19. Bf3 Bxh3 20. gxh3 Rxh3+ 0-1

[Event "Titled Tue 20th May Early"]
[Site "chess.com INT"]
[Date "2025.05.20"]
[Round "7"]
[White "Shafer, Logan C"]
[Black "Genkeswaran, Genivan"]
[Result "1-0"]
[WhiteTitle "CM"]
[BlackTitle "CM"]
[WhiteElo "2291"]
[BlackElo "2197"]
[WhiteFideId "30993342"]
[BlackFideId "5754496"]
[EventDate "2025.05.20"]

1. d4 d5 2. c4 e6 3. Nf3 Nf6 4. g3 c6 5. Bg2 Nbd7 6. O-O Be7 7. b3 O-O 8. Nc3 b6
9. Nd2 Bb7 10. e4 dxe4 11. Ndxe4 c5 12. Nxf6+ Nxf6 13. Bxb7 Rb8 14. Bg2 cxd4 15.
Ne4 Nxe4 16. Bxe4 Bf6 17. Bb2 e5 18. f4 Qc7 19. Qd3 h6 20. fxe5 Bxe5 21. Rae1
Rfe8 22. Kg2 Re7 23. Bd5 Rbe8 24. Bxd4 Bxd4 25. Bxf7+ Kh8 26. Bxe8 Qb7+ 27. Qf3
Qxf3+ 28. Kxf3 Rc7 29. Bg6 Rc6 30. Re8# 1-0

[Event "Titled Tue 20th May Early"]
[Site "chess.com INT"]
[Date "2025.05.20"]
[Round "7"]
[White "Pulpan, Jakub"]
[Black "Xiong, Jeffery"]
[Result "0-1"]
[WhiteTitle "IM"]
[BlackTitle "GM"]
[WhiteElo "2405"]
[BlackElo "2636"]
[WhiteFideId "302759"]
[BlackFideId "2047640"]
[EventDate "2025.05.20"]

1. Nf3 d5 2. e3 Nf6 3. b3 Bf5 4. Nh4 Bg4 5. Be2 Bxe2 6. Qxe2 Nbd7 7. Bb2 e6 8.
d3 a5 9. a4 Bb4+ 10. Kf1 Bd6 11. Nd2 Qe7 12. Nhf3 e5 13. e4 c6 14. exd5 cxd5 15.
Re1 Rc8 16. Bxe5 Nxe5 17. Nxe5 O-O 18. Ndf3 Bb4 19. Rd1 Rfe8 20. d4 Ne4 21. Rc1
f6 22. Nd3 Ng3+ 23. Kg1 Qxe2 0-1

[Event "Titled Tue 20th May Early"]
[Site "chess.com INT"]
[Date "2025.05.20"]
[Round "7"]
[White "Aakash, G"]
[Black "Sahib, Singh"]
[Result "0-1"]
[WhiteTitle "FM"]
[BlackTitle "FM"]
[WhiteElo "2114"]
[BlackElo "2416"]
[WhiteFideId "25644394"]
[BlackFideId "25618342"]
[EventDate "2025.05.20"]

1. d4 d5 2. c4 c6 3. cxd5 cxd5 4. Nc3 Nf6 5. Bf4 Nc6 6. e3 Bf5 7. Qb3 Na5 8.
Qa4+ Bd7 9. Bb5 Nc6 10. Nf3 a6 11. Bxc6 Bxc6 12. Qb3 e6 13. Ne5 Bd6 14. Nxc6
bxc6 15. Qb7 O-O 16. Qxc6 Bxf4 17. exf4 Qb8 18. O-O Rc8 19. Qa4 Qxb2 20. Rac1
Rxc3 21. Rb1 Qa3 22. Qd1 Qxa2 23. Rb7 Rac8 24. h3 g6 25. f5 exf5 26. Qe1 Rc1 27.
Qe7 Rxf1+ 28. Kh2 Rf8 29. Qxf6 Qxf2 30. h4 Qf4+ 31. g3 Qf2+ 32. Kh3 Rh1# 0-1

[Event "Titled Tue 20th May Early"]
[Site "chess.com INT"]
[Date "2025.05.20"]
[Round "7"]
[White "Punin, Andrii"]
[Black "Perez Rojas, Jorge"]
[Result "1-0"]
[WhiteTitle "FM"]
[BlackTitle "FM"]
[WhiteElo "2289"]
[BlackElo "2100"]
[WhiteFideId "14112639"]
[BlackFideId "3452093"]
[EventDate "2025.05.20"]

1. e4 e6 2. d4 d5 3. Nc3 Nf6 4. e5 Nfd7 5. f4 c5 6. Nf3 Nc6 7. Be3 cxd4 8. Nxd4
Bc5 9. Qd2 O-O 10. O-O-O Nxd4 11. Bxd4 Bxd4 12. Qxd4 f6 13. exf6 Nxf6 14. g3 a6
15. Bd3 Qc7 16. Rhe1 Bd7 17. Qe5 Rac8 18. Qxc7 Rxc7 19. Rd2 b5 20. Ne2 Re8 21.
Nd4 Kf7 22. Nf3 Bc8 23. a3 g6 24. c3 Ree7 25. Bc2 Ne8 26. Ne5+ Kg7 27. h4 Nd6
28. Rh2 a5 29. h5 b4 30. axb4 axb4 31. hxg6 hxg6 32. Nxg6 Re8 33. Ne5 bxc3 34.
Rh7+ 1-0

[Event "Titled Tue 20th May Early"]
[Site "chess.com INT"]
[Date "2025.05.20"]
[Round "7"]
[White "Spangenberg, Hugo"]
[Black "Bardyk, Artem"]
[Result "0-1"]
[WhiteTitle "GM"]
[BlackTitle "FM"]
[WhiteElo "2469"]
[BlackElo "2284"]
[WhiteFideId "101966"]
[BlackFideId "34349979"]
[EventDate "2025.05.20"]

1. e4 c6 2. Nf3 d5 3. d3 g6 4. Qe2 Bg7 5. g3 e5 6. Bg2 Ne7 7. O-O O-O 8. exd5
Nxd5 9. Nbd2 c5 10. Nc4 Nc6 11. a4 Bg4 12. h3 Nd4 13. Qe4 f5 14. Qxd5+ Qxd5 15.
Nfxe5 Bf3 0-1

[Event "Titled Tue 20th May Early"]
[Site "chess.com INT"]
[Date "2025.05.20"]
[Round "7"]
[White "Marynychenko, Yehor"]
[Black "Velavaa Ragavesh"]
[Result "1-0"]
[WhiteTitle "CM"]
[BlackTitle "CM"]
[WhiteElo "2183"]
[BlackElo "2107"]
[WhiteFideId "34160558"]
[BlackFideId "25738011"]
[EventDate "2025.05.20"]

1. e4 g6 2. d4 Bg7 3. Nc3 e6 4. Nf3 Ne7 5. Bd3 b6 6. Be3 Bb7 7. O-O d5 8. e5 Nd7
9. Qd2 h6 10. Ne2 a6 11. c3 c5 12. Bc2 Qc7 13. Nf4 O-O-O 14. Nd3 c4 15. Nc1 Nf5
16. b3 Kb8 17. a4 Rc8 18. b4 f6 19. exf6 Nxf6 20. Bxf5 Ka8 21. Bxe6 Rce8 22. Bh3
Ne4 23. Qc2 Rhf8 24. Ne5 Bxe5 25. dxe5 Qxe5 26. Bd4 Qh5 27. Ne2 Ng5 28. Ng3
Nxh3+ 29. gxh3 Qxh3 30. Rae1 h5 31. Qxg6 Rd8 32. Qxb6 Kb8 33. Re7 Rd7 34. Rfe1
h4 35. Re8+ Rd8 36. Qxd8+ Bc8 37. Be5+ Ka7 38. Qc7+ Bb7 39. Bd4# 1-0

[Event "Titled Tue 20th May Early"]
[Site "chess.com INT"]
[Date "2025.05.20"]
[Round "7"]
[White "Piesik, Piotr"]
[Black "Nugumanov, Bakhtiyar"]
[Result "1-0"]
[WhiteTitle "IM"]
[BlackTitle "IM"]
[WhiteElo "2436"]
[BlackElo "2305"]
[WhiteFideId "1136194"]
[BlackFideId "13701797"]
[EventDate "2025.05.20"]

1. Nf3 Nf6 2. g3 d5 3. Bg2 e6 4. O-O Be7 5. d3 Rg8 6. Nbd2 c5 7. e4 Nc6 8. Re1
Qc7 9. Qe2 b5 10. exd5 Nxd5 11. c4 bxc4 12. dxc4 Nb6 13. Nb3 Bb7 14. Bf4 Bd6 15.
Nxc5 Bxf4 16. Nxb7 Qxb7 17. gxf4 Nd7 18. Ng5 Nc5 19. Rad1 Qc7 20. b4 Nb7 21.
Nxe6 fxe6 22. Qxe6+ Ne7 23. Qxg8# 1-0

[Event "Titled Tue 20th May Early"]
[Site "chess.com INT"]
[Date "2025.05.20"]
[Round "7"]
[White "Pribelszky, Bence"]
[Black "Pavlidou, Ekaterini"]
[Result "1-0"]
[WhiteTitle "IM"]
[BlackTitle "WIM"]
[WhiteElo "2400"]
[BlackElo "2198"]
[WhiteFideId "769738"]
[BlackFideId "4213262"]
[EventDate "2025.05.20"]

1. e4 c5 2. Nf3 Nc6 3. d4 cxd4 4. Nxd4 Nf6 5. Nc3 e6 6. a3 Be7 7. Be3 O-O 8. f4
d5 9. e5 Nd7 10. Bd3 Nxd4 11. Bxd4 g6 12. Ne2 Bc5 13. h4 Qb6 14. c3 Bxd4 15.
cxd4 f6 16. h5 fxe5 17. fxe5 g5 18. h6 Qa5+ 19. b4 Qd8 20. Ng3 Rf4 21. Nh5 Qf8
22. Nxf4 Qxf4 23. Ra2 Nf8 24. Rf2 Qe3+ 25. Kf1 Bd7 26. Rh3 Qxf2+ 27. Kxf2 Ng6
28. Bxg6 hxg6 29. h7+ Kh8 30. Qf3 1-0

[Event "Titled Tue 20th May Early"]
[Site "chess.com INT"]
[Date "2025.05.20"]
[Round "7"]
[White "Torres Rebolledo, Alvaro"]
[Black "Duarte Cramer, Lily Jeanette"]
[Result "1-0"]
[WhiteTitle "FM"]
[BlackTitle "WCM"]
[WhiteElo "2336"]
[BlackElo "1828"]
[WhiteFideId "54587670"]
[BlackFideId "29620180"]
[EventDate "2025.05.20"]

1. Nf3 d5 2. g3 c5 3. Bg2 g6 4. O-O Bg7 5. d3 Nf6 6. Nbd2 Nc6 7. Re1 d4 8. e4 e5
9. a4 O-O 10. Nc4 Nd7 11. b3 f5 12. exf5 gxf5 13. Bg5 Qe8 14. Nh4 f4 15. Bxf4
Qf7 16. Bd2 Qxf2+ 17. Kh1 Qf6 18. Rf1 Qe6 19. Qe2 Nf6 20. Nf5 Ng4 21. Nxg7 Rxf1+
22. Rxf1 Kxg7 23. h3 Nf6 24. Bg5 Nd5 25. Qf3 Ne3 26. Qf8+ Kg6 27. Qh6# 1-0

[Event "Titled Tue 20th May Early"]
[Site "chess.com INT"]
[Date "2025.05.20"]
[Round "7"]
[White "Ghimoyan, Narek"]
[Black "Gasparyan, Erik R."]
[Result "1-0"]
[WhiteTitle "CM"]
[BlackTitle "IM"]
[WhiteElo "2273"]
[BlackElo "2372"]
[WhiteFideId "13315412"]
[BlackFideId "13315730"]
[EventDate "2025.05.20"]

1. d4 Nf6 2. c4 e6 3. Nf3 d5 4. Nc3 Be7 5. cxd5 exd5 6. Bg5 c6 7. e3 O-O 8. Bd3
h6 9. Bh4 Re8 10. Qc2 Ne4 11. Bxe4 Bxh4 12. Bh7+ Kh8 13. Bd3 Bf6 14. O-O Bg4 15.
Nd2 Nd7 16. a3 Qe7 17. b4 Qd6 18. h3 Be6 19. Nb3 b6 20. Ne2 Rac8 21. Rac1 Be7
22. Nf4 c5 23. bxc5 bxc5 24. dxc5 Nxc5 25. Nxc5 Rxc5 26. Qa4 Rec8 27. Rxc5 Qxc5
28. Nxe6 fxe6 29. Qg4 Rc6 30. Qg6 Kg8 31. Qh7+ Kf7 32. Bg6+ Kf6 33. Be8 Rb6 34.
Qg6+ Ke5 35. Qg3+ Ke4 36. Bg6# 1-0

[Event "Titled Tue 20th May Early"]
[Site "chess.com INT"]
[Date "2025.05.20"]
[Round "7"]
[White "Nouali, Mohamed"]
[Black "Meylan, Andre"]
[Result "0-1"]
[WhiteTitle "FM"]
[BlackTitle "CM"]
[WhiteElo "2157"]
[BlackElo "2138"]
[WhiteFideId "5502462"]
[BlackFideId "1301225"]
[EventDate "2025.05.20"]

1. e4 e6 2. d4 d5 3. Nc3 Nf6 4. Bg5 Be7 5. e5 Nfd7 6. Bxe7 Qxe7 7. f4 a6 8. Nf3
c5 9. dxc5 Nc6 10. Bd3 Nxc5 11. O-O b5 12. f5 Nxd3 13. cxd3 exf5 14. Nxd5 Qc5+
15. Kh1 Qxd5 16. Rc1 Bb7 17. Qd2 O-O 18. Qg5 Nxe5 19. Nh4 Nxd3 20. Nxf5 Qxg2+
21. Qxg2 Bxg2+ 22. Kxg2 Nxc1 23. Rxc1 g6 24. Ne7+ Kg7 25. Rc7 Rfd8 26. h4 Rd2+
27. Kf3 Rxb2 28. h5 Rxa2 29. Nd5 gxh5 0-1